Python Fundamentals for Data Analytics (Record no. 13375)

MARC details
000 -LEADER
fixed length control field 00459nam a22001817a 4500
003 - CONTROL NUMBER IDENTIFIER
control field OSt
008 - FIXED-LENGTH DATA ELEMENTS--GENERAL INFORMATION
fixed length control field 250421b |||||||| |||| 00| 0 eng d
020 ## - INTERNATIONAL STANDARD BOOK NUMBER
International Standard Book Number 9789365892314
082 ## - DEWEY DECIMAL CLASSIFICATION NUMBER
Classification number 006.133 CHP
100 ## - MAIN ENTRY--PERSONAL NAME
Personal name M,Chandrika
245 ## - TITLE STATEMENT
Title Python Fundamentals for Data Analytics
250 ## - EDITION STATEMENT
Edition statement 1st Ed
260 ## - PUBLICATION, DISTRIBUTION, ETC. (IMPRINT)
Place of publication, distribution, etc New Delhi
Name of publisher, distributor, etc BPB
Date of publication, distribution, etc 2025
300 ## - PHYSICAL DESCRIPTION
Extent 258
650 ## - SUBJECT ADDED ENTRY--TOPICAL TERM
Topical term or geographic name as entry element Python Fundamentals for Data Analytics
700 ## - ADDED ENTRY--PERSONAL NAME
Personal name SHETTY,Pavithra B
942 ## - ADDED ENTRY ELEMENTS (KOHA)
Source of classification or shelving scheme Dewey Decimal Classification
Koha item type Text Books
Holdings
Withdrawn status Lost status Source of classification or shelving scheme Damaged status Not for loan Collection code Home library Current library Date acquired Source of acquisition Currency Cost, normal purchase price Bill Number Total Checkouts Full call number Acc. no. / Barcode Date last seen Actual Cost, discounted price Bill Date Koha item type Checked out Date last borrowed
    Dewey Decimal Classification     BCA PIET C-LIBRARY PIET C-LIBRARY 11/04/2025 Zaffa Books INR 899.00 ZBD0028   005.133 CHP BC2696 21/04/2025 656.27 11/04/2025 Reference Books    
    Dewey Decimal Classification     BCA PIET C-LIBRARY PIET C-LIBRARY 11/04/2025 Zaffa Books INR 899.00 ZBD0028 1 005.133 CHP BC2697 25/03/2026 656.27 11/04/2025 Text Books 12/10/2026 25/03/2026
    Dewey Decimal Classification     BCA PIET C-LIBRARY PIET C-LIBRARY 11/04/2025 Zaffa Books INR 899.00 ZBD0028 1 005.133 CHP BC2698 22/11/2025 656.27 11/04/2025 Text Books 10/06/2026 22/11/2025
    Dewey Decimal Classification     BCA PIET C-LIBRARY PIET C-LIBRARY 11/04/2025 Zaffa Books INR 899.00 ZBD0028   005.133 CHP BC2699 21/04/2025 656.27 11/04/2025 Text Books    
    Dewey Decimal Classification     BCA PIET C-LIBRARY PIET C-LIBRARY 11/04/2025 Zaffa Books INR 899.00 ZBD0028   005.133 CHP BC2700 21/04/2025 656.27 11/04/2025 Text Books    
    Dewey Decimal Classification     BCA PIET C-LIBRARY PIET C-LIBRARY 11/04/2025 Zaffa Books INR 899.00 ZBD0028   005.133 CHP BC2701 21/04/2025 656.27 11/04/2025 Text Books    
    Dewey Decimal Classification     BCA PIET C-LIBRARY PIET C-LIBRARY 11/04/2025 Zaffa Books INR 899.00 ZBD0028   005.133 CHP BC2702 21/04/2025 656.27 11/04/2025 Text Books    
    Dewey Decimal Classification     BCA PIET C-LIBRARY PIET C-LIBRARY 11/04/2025 Zaffa Books INR 899.00 ZBD0028 1 005.133 CHP BC2703 28/10/2025 656.27 11/04/2025 Text Books   15/10/2025
    Dewey Decimal Classification     BCA PIET C-LIBRARY PIET C-LIBRARY 11/04/2025 Zaffa Books INR 899.00 ZBD0028   005.133 CHP BC2704 21/04/2025 656.27 11/04/2025 Text Books    
    Dewey Decimal Classification     BCA PIET C-LIBRARY PIET C-LIBRARY 11/04/2025 Zaffa Books INR 899.00 ZBD0028   005.133 CHP BC2705 21/04/2025 656.27 11/04/2025 Text Books    

Design & Developed by: PIET Central Library
R70 Miles Stone Pattikalyana Samalkha Panipat 132102
mail ID :- [email protected], Phone No:- 0180-2569700 Ex.216